000 01106cam a2200373 a 4500
001 22822
003 SK-KTurca
005 20260428161913.0
008 230403s1970 xo g 000 f slo
015 _aSNBA1970/09-02131
020 _q(Viaz.)
035 _aSK01SNK19700037329
035 _aurn:nbn:sk:snk-amyg29
035 _aurn:nbn:sk:snk-am00clzm
035 _a4D551331-8124-4E83-BBFF-DD09C17BD2C9
035 _aSKM000039792
040 _aSNK
_bslo
_cSNK
_eAACR2
041 0 _aslo
044 _axo
_cSK
072 7 _a821.162.4-3
_xSlovenská próza
_2konspekt
080 _a821.162.4-32
_22011
100 1 _aZelinová, Hana,
_d1914-2004
_4aut
245 1 0 _aKamenný ruženec
_cHana Zelinová
250 _a1. vyd.
260 _aBratislava
_bSlovenský spisovateľ
_c1970
_eBanská Bystrica
_fTlačiarne SNP
300 _a98, [3] s.
_c19 cm
490 1 _aSlovenská próza
563 _a4000 výtl.
655 7 _aslovenské poviedky
_2SNKPH
655 7 _aSlovak stories
_2SNKPHeng
830 0 _aSlovenská próza
942 _2ddc
_cKLDO
_n0
999 _c22822
_d22822